000 00251nam a2200097Ia 4500
008 240331s9999 xx 000 0 und d
082 _a294.38
_bPER
100 _aPerera, M.Theodore
245 4 _athe Dhammapada :
_bYamaka Vagga and Appamada Vagga
942 _cL
999 _c933
_d933